000 00250nam a2200097Ia 4500
001 1198102
005 20250827021839.0
008 250824s9999 xx 000 0 und d
245 0 _aBALIK İZLERİNİN SESİ
_cBUKET UZUNER
260 _bEVEREST YAYINLARI
999 _c1198102
_d1198102